|
|
|
|
| LEADER |
00823pam a22002298a 4500 |
| 001 |
00024058 |
| 005 |
20171026081023.0 |
| 008 |
110711s2008 ||||||viesd |
| 041 |
0 |
# |
|a vie
|
| 082 |
1 |
4 |
|a 570.71
|b B103GI
|
| 100 |
0 |
# |
|a Phạm Đình Văn
|
| 245 |
0 |
0 |
|a Bài giảng sinh học đại cương
|c Phạm Đình Văn
|
| 260 |
# |
# |
|a Đồng Tháp
|b ĐH Đồng Tháp
|c 2008
|
| 300 |
# |
# |
|a 120tr.
|c 27cm.
|
| 500 |
# |
# |
|a ĐTTS ghi: Bộ GD và ĐT. ĐH Đồng Tháp.Khoa Sinh học
|
| 653 |
# |
# |
|a bài giảng
|
| 653 |
# |
# |
|a sinh học đại cương
|
| 852 |
# |
# |
|b Kho giáo trình
|j KGT.0009961, KGT.0009962
|
| 852 |
# |
# |
|b Kho mượn
|j KGT.0009961
|
| 852 |
# |
# |
|j KGT.0009962
|j KGT.0009961
|
| 910 |
|
|
|d 11/07/2011
|
| 980 |
# |
# |
|a Trung tâm Học liệu Lê Vũ Hùng, Trường Đại học Đồng Tháp
|